000 00523cam a2200193ua 4500
001 5482
008 121031n ii |||gr||||Z||||||eng
020 _a81-7381-218-7
040 _cMAIN
082 _a330.9
100 1 _aMukherjee, Debes.,
_eAuthor.,
245 1 1 _aIndian economic history
_cby Debes Mukherjee
250 _a3rd /
_brevised & enlarged.
260 _aKolkata:
_bNew central book agency(p) ltd.,
_c2012.
300 _axii, 203p.
653 _aEconomics
653 _aEconomic history of India
942 _cBK
999 _c4661
_d4661